000 01182nam0a2200349 4500
001 RU\NLR\bibl\947043
005 20250614200235.0
010 _a5-05-006324-8
_950000
021 _aRU
_b2006-11079
_9538
035 _a(nilc)RSL-KNO-002855154
035 _a(NLR Aleph) 000935174
090 _a184795
_c184795
100 _a20060324d2006 |||y0rusy50 ca
101 1 _arus
_ceng
102 _aRU
105 _ay |||||||||
106 _ar
200 1 _aНежный вкус шоколада
_eроман
_fЛиз Филдинг
_gпер. с англ. [Е. Светайло]
210 _aМосква
_cРадуга
_d2006
_eМожайск (Моск.обл.)
_gМожайский полиграфкомбинат
215 _a142, [1] с.
_d17
225 1 _aЛюбовный роман
_v1234
225 1 _aАрлекин
_dHarlequin
_zeng
225 1 _aВремя, подаренное себе
686 _aШ6(4Вл)67-440.4{Лх1299-50}
700 1 _aФилдинг
_bЛ.
_gЛиз
_4070
801 0 _aRU
_bРКП
_c20060324
_grcr
801 1 _aRU
_bРГБ
_c20060324
801 2 _aRU
_bNLR
_c20060511
_grcr
942 _cBOOK
980 _aNB